000 00835nam a2200277 i 4500
001 bg
100 1 _aPauli, Tatjana.
245 0 _aMantegna /
_c[tekst Tatjana Pauli ; tł. Aleksandra Leoncewicz].
260 _aWarszawa :
_bRzeczpospolita ;
_bHPS,
_c2006.
300 _a143 s. :
_bil. ;
_c26 cm.
490 1 _aKlasycy Sztuki ;
_v32
600 0 9 _aMantegna, Andrea
_d(1431-1506)
_xtwórczość
650 0 _aMalarstwo włoskie
_xhistoria
_y15 w.
650 0 _aGrafika włoska
_xhistoria
_y15 w.
700 0 1 _aLeoncewicz, Aleksandra
_eTł.
830 _aKlasycy Sztuki ;
020 _a9788360688069
020 _a8360688060
040 _cBPK
041 1 _apol
_heng
080 _a75.07A/Z(450)"14"(084.1)
920 _a978-83-60688-06-9
920 _a83-60688-06-0
942 _cKS
008 s pl f |000 0 pol
999 _c53749
_d53749
856 _uhttp://koha.tu.koszalin.pl/cgi-bin/koha/opac-detail.pl?biblionumber=53749
_yKatalog online BPK